|
|
|
|
| LEADER |
00000nam a22000007a 4500 |
| 005 |
20210225203456.0 |
| 007 |
cr|||| |||| |
| 008 |
210225s2018 us |||||s|||| 00||0 eng d |
| 020 |
|
|
|a 9781641051644
|
| 035 |
|
|
|a 31246
|
| 040 |
|
|
|a vLex
|
| 090 |
|
|
|c 11270
|d 11270
|
| 100 |
1 |
|
|a Stone, Michael Sanford
|
| 245 |
1 |
3 |
|a The Power of Licensing
|h [Recurso electrn̤ico] :
|b Harnessing Brand Equity /
|c Michael Sanford Stone
|
| 256 |
|
|
|a Servicio en ln̕ea
|
| 260 |
|
|
|a Chicago:
|b American Bar Association,
|c 2018
|
| 300 |
|
|
|a 1 recurso electrn̤ico
|
| 500 |
|
|
|a The Power of Licensing: Harnessing Brand Equity takes a look at exciting, new and emerging ways licensing can be used to achieve specific brand objectives, illustrated by stories of how some iconic brands have done it well.
|
| 506 |
1 |
|
|a Disponible solo en los productos indicados
|d vLex Global
|d vLex Global (Academic Edition, excluding Law Schools)
|d vLex Global (Academic Edition, Law Schools)
|
| 650 |
0 |
4 |
|a Propiedad Intelectual
|z Estados Unidos
|
| 740 |
0 |
|
|a vLex Libros (Servicio en ln̕ea)
|
| 856 |
4 |
0 |
|u http://vlex.com/source/the-power-of-licensing-harnessing-brand-equity-31246
|z Acceso restringido
|
| 942 |
|
|
|c BOOK
|